Представление документа в формате RUSMARC

ПолеНазваниеЗначение
  Тип записи a
  Библиографический уровень m
001 Контрольный номер admiBOOK00016853
005 Дата корректировки 20140508173828.9
010 Индекс ISBN __
a ISBN 5-94798-890-9
d Цена 80.00
100 Данные общей обработки __
a Данные общей обработки 19011210 |||y0 y0189 ca
101 Язык документа __
a Язык текста rus
105 Кодированные данные (монография) __
a Кодированные данные (монография) zy
200 Заглавие и сведения об ответственности 0_
a Заглавие Практикум по экономической оценке инвестиций
e Сведения, относящиеся к заглавию Учебное пособие
205 Сведения об издании __
a Основные сведения об издании 3-е изд.
210 Выходные данные __
a Место издания М
c Издательство Дашков и К*
d Дата издания 2007
215 Физическое описание __
a Объем 148с.
606 Тематические рубрики __
a Основная рубрика Финансы
x Основная подрубрика Кредитная система
x Основная подрубрика Инвестиции
x Основная подрубрика Международные финансовые отношения
x Основная подрубрика Экономика предприятия
610 Ключевые слова __
a Ключевые слова Инвестиции
a Ключевые слова Оценка показателей эффективности инвестиционного проекта
a Ключевые слова Ранжирование инвестиционных проектов
a Ключевые слова Норма дисконтирования инвестиций
a Ключевые слова Дисконтирование
a Ключевые слова Оценка рисков инвестиционного проекта
a Ключевые слова Анализ чувствительности инвестиционного проекта
a Ключевые слова Рынок инвестиций
675 Индекс УДК __
a Индекс УДК 336
686 Индексы других классификаций __
a Классификационный индекс 65.262.1
a Классификационный индекс 65.268
a Классификационный индекс 65.29
700 Автор _1
a Фамилия Кожухар
b Имя В.М.
852 Данные о местонахождении __
c Местонахождение стеллажа 65.262.1
c Местонахождение стеллажа 65.268
c Местонахождение стеллажа 65.29
j Шифр хранения 65.26
852 Данные о местонахождении __
b Сигла хранения ЧЗ_1
t Номер экземпляра 1
i Авторский знак К58
p Инвентарный номер 139874
901 Тип документа __
t Тип документа m
911 __
u 952a=Учебное пособие
u 952p=1724
938 Служебная информация __
a Название организации Саранский филиал
b Имя БД OUTPUT.MRC_Саранск
c Название АИБС АИБС Библиотека